{"text_format":"3","workbook":"xlsx","n_sheets":1,"sheets":["orcamento"],"not_rendered":{"images":1,"defined_names":1},"read":"whole","date_system":"1900"}

{"sheet":"orcamento","index":0,"n_rows":135,"n_cols":8,"rows_kept":135,"merged":[[0,0,0,7],[1,1,1,6],[3,1,3,6],[6,1,6,6],[7,1,7,6],[19,1,19,6],[22,1,22,6],[32,1,32,6],[36,1,36,6],[42,1,42,6],[60,1,60,6],[74,1,74,6],[90,1,90,6],[95,1,95,6],[103,1,103,6],[109,1,109,6],[115,1,115,6],[119,1,119,6],[130,1,130,6],[132,5,132,6],[133,5,133,6],[134,5,134,6]]}
[]
[null,"\n"]
["ITEM","CÓDIGO","DESCRIÇÃO","FONTE","UND","QUANTIDADE","PREÇO\nUNITÁRIO R$","PREÇO\nTOTAL R$"]
["1","SERVIÇOS PRELIMINARES",{"$nulls":5},7299.18]
["1.1","103689","FORNECIMENTO E INSTALAÇÃO DE PLACA DE OBRA COM CHAPA GALVANIZADA E ESTRUTURA DE MADEIRA. AF_03/2022_PS","SINAPI","M2",{"v":8,"d":"8.00"},386.32,3090.56]
["1.2","99059","LOCAÇÃO CONVENCIONAL DE OBRA, UTILIZANDO GABARITO DE TÁBUAS CORRIDAS PONTALETADAS A CADA 2,00M - 2 UTILIZAÇÕES. AF_03/2024","SINAPI","M",{"v":68.2,"d":"68.20"},61.71,4208.62]
["2","CONSTRUÇÃO DOS QUIOSQUES",{"$nulls":5},151745.65]
["2.1","FUNDAÇÃO E SUPERESTRUTURA",{"$nulls":5},23321.21]
["2.1.1","93358","ESCAVAÇÃO MANUAL DE VALA. AF_09/2024","SINAPI","M3",3.68,96.29,354.35]
["2.1.2","103800","PEDRA ARGAMASSADA COM CIMENTO E AREIA 1:3, 40% DE ARGAMASSA EM VOLUME - AREIA E PEDRA DE MÃO COMERCIAIS - FORNECIMENTO E ASSENTAMENTO. AF_08/2022","SINAPI","M3",2.44,476.39,1162.39]
["2.1.3","401001113","REATERRO MANUAL APILOADO COM SOQUETE. AF_10/2017","AGESUL","M3",0.62,58.39,36.2]
["2.1.4","801000104","ALVENARIA DE ELEVACAO COM TIJOLO CERAMICO FURADO(9X19X19)CM, 1 VEZ (ESPESSURA DE 19CM), ASSENTADA COMARGAMASSA MISTA DE CIMENTO, CAL HIDRATADA E AREIA SEMPENEIRAR, NO TRACO 1:2:8","AGESUL","M2",17.94,94.92,1702.86]
["2.1.5","92443","MONTAGEM E DESMONTAGEM DE FÔRMA DE PILARES RETANGULARES E ESTRUTURAS SIMILARES, PÉ-DIREITO SIMPLES, EM CHAPA DE MADEIRA COMPENSADA PLASTIFICADA, 18 UTILIZAÇÕES. AF_09/2020","SINAPI","M2",40.18,47.89,1924.22]
["2.1.6","104108","ARMAÇÃO DE PILAR OU VIGA DE ESTRUTURA DE CONCRETO ARMADO EMBUTIDA EM ALVENARIA DE VEDAÇÃO UTILIZANDO AÇO CA-50 DE 10,0 MM - MONTAGEM. AF_06/2022","SINAPI","KG",141.68,11.44,1620.82]
["2.1.7","104111","ARMAÇÃO DE PILAR OU VIGA DE ESTRUTURA DE CONCRETO ARMADO EMBUTIDA EM ALVENARIA DE VEDAÇÃO UTILIZANDO AÇO CA-60 DE 5,0 MM - MONTAGEM. AF_06/2022","SINAPI","KG",{"v":48.3,"d":"48.30"},19.91,961.65]
["2.1.8","94964","CONCRETO FCK = 20MPA, TRAÇO 1:2,7:3 (EM MASSA SECA DE CIMENTO/ AREIA MÉDIA/ BRITA 1) - PREPARO MECÂNICO COM BETONEIRA 400 L. AF_05/2021","SINAPI","M3",1.68,410.24,689.2]
["2.1.9","103670","LANÇAMENTO COM USO DE BALDES, ADENSAMENTO E ACABAMENTO DE CONCRETO EM ESTRUTURAS. AF_02/2022","SINAPI","M3",1.68,329.06,552.82]
["2.1.10","105033","CINTA DE AMARRAÇÃO DE ALVENARIA MOLDADA IN LOCO COM UTILIZAÇÃO DE BLOCOS CANALETA, ESPESSURA DE *15* CM. AF_03/2024","SINAPI","M",{"v":58.4,"d":"58.40"},50.47,2947.45]
["2.1.11","101955","LAJE PRÉ-MOLDADA UNIDIRECIONAL, BIAPOIADA, ENCHIMENTO EM CERÂMICA, VIGOTA PROTENDIDA, ALTURA TOTAL DA LAJE (ENCHIMENTO+CAPA) = (8+4). AF_11/2020","SINAPI","M2",{"v":163,"d":"163.00"},69.75,11369.25]
["2.2","VERGAS E CONTRAVERGAS",{"$nulls":5},2456.82]
["2.2.1","105023","VERGA MOLDADA IN LOCO EM CONCRETO, ESPESSURA DE *15* CM. AF_03/2024","SINAPI","M",{"v":28,"d":"28.00"},58.2,1629.6]
["2.2.2","105031","CONTRAVERGA MOLDADA IN LOCO COM UTILIZAÇÃO DE BLOCOS CANALETA, ESPESSURA DE *15* CM. AF_03/2024","SINAPI","M",{"v":20.4,"d":"20.40"},40.55,827.22]
["2.3","ALVENARIA E REVESTIMENTO",{"$nulls":5},56079.04]
["2.3.1","103328","ALVENARIA DE VEDAÇÃO DE BLOCOS CERÂMICOS FURADOS NA HORIZONTAL DE 9X19X19 CM (ESPESSURA 9 CM) E ARGAMASSA DE ASSENTAMENTO COM PREPARO EM BETONEIRA. AF_12/2021","SINAPI","M2",202.86,92.6,18784.84]
["2.3.2","87878","CHAPISCO APLICADO EM ALVENARIAS E ESTRUTURAS DE CONCRETO INTERNAS, COM COLHER DE PEDREIRO. ARGAMASSA TRAÇO 1:3 COM PREPARO MANUAL. AF_10/2022","SINAPI","M2",101.43,4.94,501.06]
["2.3.3","87904","CHAPISCO APLICADO EM ALVENARIA (COM PRESENÇA DE VÃOS) E ESTRUTURAS DE CONCRETO DE FACHADA, COM COLHER DE PEDREIRO. ARGAMASSA TRAÇO 1:3 COM PREPARO MANUAL. AF_10/2022","SINAPI","M2",101.43,8.87,899.68]
["2.3.4","87827","EMBOÇO OU MASSA ÚNICA EM ARGAMASSA TRAÇO 1:2:8, PREPARO MANUAL, APLICADA MANUALMENTE NAS PAREDES INTERNAS DA SACADA, ESPESSURA DE 25 MM, SEM USO DE TELA METÁLICA DE REFORÇO CONTRA FISSURAÇÃO. AF_08/2022","SINAPI","M2",101.43,80.03,8117.44]
["2.3.5","87777","EMBOÇO OU MASSA ÚNICA EM ARGAMASSA TRAÇO 1:2:8, PREPARO MANUAL, APLICADA MANUALMENTE EM PANOS DE FACHADA COM PRESENÇA DE VÃOS, ESPESSURA DE 25 MM. AF_08/2022","SINAPI","M2",101.43,59.24,6008.71]
["2.3.6","S11396","Cobogo cimento tipo \"veneziana\", dim: 40 x 40 x 9cm","ORSE","m2",3.52,107.46,378.26]
["2.3.7","104611","REVESTIMENTO CERÂMICO PARA PAREDES INTERNAS COM PLACAS TIPO ESMALTADA DE DIMENSÕES 60X60 CM APLICADAS NA ALTURA INTEIRA DAS PAREDES. AF_02/2023_PE","SINAPI","M2",28.74,90.21,2592.64]
["2.3.8","121330","REVESTIMENTO PEDRA MADEIRA EM PAREDE EXTERNA","SBC","M2",88.96,174.41,15515.51]
["2.3.9","96113","FORRO EM PLACAS DE GESSO, PARA AMBIENTES COMERCIAIS. AF_08/2023_PS","SINAPI","M2",{"v":70,"d":"70.00"},46.87,3280.9]
["2.4","ESQUADRIAS",{"$nulls":5},17493.14]
["2.4.1","91341","PORTA EM ALUMÍNIO DE ABRIR TIPO VENEZIANA COM GUARNIÇÃO, FIXAÇÃO COM PARAFUSOS - FORNECIMENTO E INSTALAÇÃO. AF_12/2019","SINAPI","M2",9.66,562.18,5430.66]
["2.4.2","110342","JANELA DE MADEIRA MAXIM AR","SBC","M2",18.04,643.41,11607.12]
["2.4.3","112633","JANELA DE CORRER ALUMINIO PINTURA ELETROSTATICA E VIDRO 4MM","SBC","M2",0.72,632.45,455.36]
["2.5","COBERTURA",{"$nulls":5},16567.79]
["2.5.1","92543","TRAMA DE MADEIRA COMPOSTA POR TERÇAS PARA TELHADOS DE ATÉ 2 ÁGUAS PARA TELHA ONDULADA DE FIBROCIMENTO, METÁLICA, PLÁSTICA OU TERMOACÚSTICA, INCLUSO TRANSPORTE VERTICAL. AF_07/2019","SINAPI","M2",{"v":70,"d":"70.00"},18.13,1269.1]
["2.5.2","94207","TELHAMENTO COM TELHA ONDULADA DE FIBROCIMENTO E = 6 MM, COM RECOBRIMENTO LATERAL DE 1/4 DE ONDA PARA TELHADO COM INCLINAÇÃO MAIOR QUE 10°, COM ATÉ 2 ÁGUAS, INCLUSO IÇAMENTO. AF_07/2019","SINAPI","M2",{"v":70,"d":"70.00"},50.58,3540.6]
["2.5.3","94228","CALHA EM CHAPA DE AÇO GALVANIZADO NÚMERO 24, DESENVOLVIMENTO DE 50 CM, INCLUSO TRANSPORTE VERTICAL. AF_07/2019","SINAPI","M",{"v":16,"d":"16.00"},69.33,1109.28]
["2.5.4","S00291","Rufo em placa de concreto l = 0,34 m","ORSE","m",{"v":32.2,"d":"32.20"},77.39,2491.96]
["2.5.5","90685","PINGADEIRA CONCRETO PARA TOPO DE MUROS 0,20m","SBC","M",{"v":48.4,"d":"48.40"},168.53,8156.85]
["2.6","INSTALAÇÕES ELÉTRICAS",{"$nulls":5},7001.03]
["2.6.1","101509","ENTRADA DE ENERGIA ELÉTRICA, AÉREA, TRIFÁSICA, COM CAIXA DE EMBUTIR, CABO DE 10 MM2 E DISJUNTOR DIN 50A (NÃO INCLUSO O POSTE DE CONCRETO). AF_07/2020","SINAPI","UN",{"v":1,"d":"1.00"},1792.99,1792.99]
["2.6.2","00005050","POSTE CONICO CONTINUO EM ACO GALVANIZADO, RETO, FLANGEADO, H = 3 M, DIAMETRO INFERIOR = *95* MM","SINAPI","UN",{"v":1,"d":"1.00"},341.52,341.52]
["2.6.3","91872","ELETRODUTO RÍGIDO ROSCÁVEL, PVC, DN 32 MM (1\"), PARA CIRCUITOS TERMINAIS, INSTALADO EM PAREDE - FORNECIMENTO E INSTALAÇÃO. AF_03/2023","SINAPI","M",{"v":20,"d":"20.00"},17.69,353.8]
["2.6.4","101877","QUADRO DE DISTRIBUIÇÃO DE ENERGIA EM PVC, DE EMBUTIR, SEM BARRAMENTO, PARA 3 DISJUNTORES - FORNECIMENTO E INSTALAÇÃO. AF_10/2020","SINAPI","UN",{"v":4,"d":"4.00"},61.28,245.12]
["2.6.5","91924","CABO DE COBRE FLEXÍVEL ISOLADO, 1,5 MM², ANTI-CHAMA 450/750 V, PARA CIRCUITOS TERMINAIS - FORNECIMENTO E INSTALAÇÃO. AF_03/2023","SINAPI","M",{"v":60,"d":"60.00"},2.97,178.2]
["2.6.6","91926","CABO DE COBRE FLEXÍVEL ISOLADO, 2,5 MM², ANTI-CHAMA 450/750 V, PARA CIRCUITOS TERMINAIS - FORNECIMENTO E INSTALAÇÃO. AF_03/2023","SINAPI","M",{"v":60,"d":"60.00"},4.3,258]
["2.6.7","91928","CABO DE COBRE FLEXÍVEL ISOLADO, 4 MM², ANTI-CHAMA 450/750 V, PARA CIRCUITOS TERMINAIS - FORNECIMENTO E INSTALAÇÃO. AF_03/2023","SINAPI","M",{"v":20,"d":"20.00"},6.58,131.6]
["2.6.8","91930","CABO DE COBRE FLEXÍVEL ISOLADO, 6 MM², ANTI-CHAMA 450/750 V, PARA CIRCUITOS TERMINAIS - FORNECIMENTO E INSTALAÇÃO. AF_03/2023","SINAPI","M",{"v":20,"d":"20.00"},9.17,183.4]
["2.6.9","93670","DISJUNTOR TRIPOLAR TIPO DIN, CORRENTE NOMINAL DE 25A - FORNECIMENTO E INSTALAÇÃO. AF_10/2020","SINAPI","UN",{"v":8,"d":"8.00"},59.54,476.32]
["2.6.10","93653","DISJUNTOR MONOPOLAR TIPO DIN, CORRENTE NOMINAL DE 10A - FORNECIMENTO E INSTALAÇÃO. AF_10/2020","SINAPI","UN",{"v":4,"d":"4.00"},9.16,36.64]
["2.6.11","92023","INTERRUPTOR SIMPLES (1 MÓDULO) COM 1 TOMADA DE EMBUTIR 2P+T 10 A, INCLUINDO SUPORTE E PLACA - FORNECIMENTO E INSTALAÇÃO. AF_03/2023","SINAPI","UN",{"v":8,"d":"8.00"},48.4,387.2]
["2.6.12","91993","TOMADA ALTA DE EMBUTIR (1 MÓDULO), 2P+T 20 A, INCLUINDO SUPORTE E PLACA - FORNECIMENTO E INSTALAÇÃO. AF_03/2023","SINAPI","UN",{"v":8,"d":"8.00"},46.44,371.52]
["2.6.13","92000","TOMADA BAIXA DE EMBUTIR (1 MÓDULO), 2P+T 10 A, INCLUINDO SUPORTE E PLACA - FORNECIMENTO E INSTALAÇÃO. AF_03/2023","SINAPI","UN",{"v":8,"d":"8.00"},29.69,237.52]
["2.6.14","91996","TOMADA MÉDIA DE EMBUTIR (1 MÓDULO), 2P+T 10 A, INCLUINDO SUPORTE E PLACA - FORNECIMENTO E INSTALAÇÃO. AF_03/2023","SINAPI","UN",{"v":8,"d":"8.00"},33.91,271.28]
["2.6.15","91953","INTERRUPTOR SIMPLES (1 MÓDULO), 10A/250V, INCLUINDO SUPORTE E PLACA - FORNECIMENTO E INSTALAÇÃO. AF_03/2023","SINAPI","UN",{"v":8,"d":"8.00"},28.43,227.44]
["2.6.16","60126","PLAFON PLAFON 25W LED SOBREPOR BRANCO NEUTRO","SBC","UN",{"v":8,"d":"8.00"},71.74,573.92]
["2.6.17","060121","LUMINARIA DE EMBUTIR PLAFON 18W LED BRANCO FRIO 22,5x22,5","SBC","UN",{"v":12,"d":"12.00"},77.88,934.56]
["2.7","INSTALAÇÕES HIDRÁULICAS",{"$nulls":5},4082.85]
["2.7.1","90371","REGISTRO DE ESFERA, PVC, ROSCÁVEL, COM VOLANTE, 3/4\" - FORNECIMENTO E INSTALAÇÃO. AF_08/2021","SINAPI","UN",{"v":5,"d":"5.00"},21.11,105.55]
["2.7.2","89366","JOELHO 90 GRAUS COM BUCHA DE LATÃO, PVC, SOLDÁVEL, DN 25MM, X 3/4 INSTALADO EM RAMAL OU SUB-RAMAL DE ÁGUA - FORNECIMENTO E INSTALAÇÃO. AF_06/2022","SINAPI","UN",{"v":10,"d":"10.00"},14.45,144.5]
["2.7.3","89356","TUBO, PVC, SOLDÁVEL, DE 25MM, INSTALADO EM RAMAL OU SUB-RAMAL DE ÁGUA - FORNECIMENTO E INSTALAÇÃO. AF_06/2022","SINAPI","M",{"v":80,"d":"80.00"},23.91,1912.8]
["2.7.4","89447","TUBO, PVC, SOLDÁVEL, DE 32MM, INSTALADO EM PRUMADA DE ÁGUA - FORNECIMENTO E INSTALAÇÃO. AF_06/2022","SINAPI","M",{"v":50,"d":"50.00"},8.56,428]
["2.7.5","89383","ADAPTADOR CURTO COM BOLSA E ROSCA PARA REGISTRO, PVC, SOLDÁVEL, DN 25MM X 3/4, INSTALADO EM RAMAL OU SUB-RAMAL DE ÁGUA - FORNECIMENTO E INSTALAÇÃO. AF_06/2022","SINAPI","UN",{"v":5,"d":"5.00"},6.34,31.7]
["2.7.6","89395","TE, PVC, SOLDÁVEL, DN 25MM, INSTALADO EM RAMAL OU SUB-RAMAL DE ÁGUA - FORNECIMENTO E INSTALAÇÃO. AF_06/2022","SINAPI","UN",{"v":15,"d":"15.00"},12.84,192.6]
["2.7.7","89620","TE, PVC, SOLDÁVEL, DN 32MM, INSTALADO EM PRUMADA DE ÁGUA - FORNECIMENTO E INSTALAÇÃO. AF_06/2022","SINAPI","UN",{"v":15,"d":"15.00"},10.42,156.3]
["2.7.8","90373","JOELHO 90 GRAUS COM BUCHA DE LATÃO, PVC, SOLDÁVEL, DN 25MM, X 1/2 INSTALADO EM RAMAL OU SUB-RAMAL DE ÁGUA - FORNECIMENTO E INSTALAÇÃO. AF_06/2022","SINAPI","UN",{"v":15,"d":"15.00"},11.79,176.85]
["2.7.9","89622","TÊ DE REDUÇÃO, PVC, SOLDÁVEL, DN 32MM X 25MM, INSTALADO EM PRUMADA DE ÁGUA - FORNECIMENTO E INSTALAÇÃO. AF_06/2022","SINAPI","UN",{"v":10,"d":"10.00"},11.96,119.6]
["2.7.10","89489","CURVA 90 GRAUS, PVC, SOLDÁVEL, DN 25MM, INSTALADO EM PRUMADA DE ÁGUA - FORNECIMENTO E INSTALAÇÃO. AF_06/2022","SINAPI","UN",{"v":15,"d":"15.00"},6.74,101.1]
["2.7.11","89412","JOELHO 90 GRAUS, PVC, SOLDÁVEL, DN 25MM, X 3/4 INSTALADO EM RAMAL DE DISTRIBUIÇÃO DE ÁGUA - FORNECIMENTO E INSTALAÇÃO. AF_06/2022","SINAPI","UN",{"v":15,"d":"15.00"},9.25,138.75]
["2.7.12","89494","CURVA 90 GRAUS, PVC, SOLDÁVEL, DN 32MM, INSTALADO EM PRUMADA DE ÁGUA - FORNECIMENTO E INSTALAÇÃO. AF_06/2022","SINAPI","UN",{"v":15,"d":"15.00"},10.5,157.5]
["2.7.13","89987","REGISTRO DE GAVETA BRUTO, LATÃO, ROSCÁVEL, 3/4\", COM ACABAMENTO E CANOPLA CROMADOS - FORNECIMENTO E INSTALAÇÃO. AF_08/2021","SINAPI","UN",{"v":5,"d":"5.00"},83.52,417.6]
["2.8","INSTALAÇÕES SANITÁRIAS",{"$nulls":5},13812.47]
["2.8.1","89728","CURVA CURTA 90 GRAUS, PVC, SERIE NORMAL, ESGOTO PREDIAL, DN 40 MM, JUNTA SOLDÁVEL, FORNECIDO E INSTALADO EM RAMAL DE DESCARGA OU RAMAL DE ESGOTO SANITÁRIO. AF_08/2022","SINAPI","UN",{"v":10,"d":"10.00"},11.64,116.4]
["2.8.2","89748","CURVA CURTA 90 GRAUS, PVC, SERIE NORMAL, ESGOTO PREDIAL, DN 100 MM, JUNTA ELÁSTICA, FORNECIDO E INSTALADO EM RAMAL DE DESCARGA OU RAMAL DE ESGOTO SANITÁRIO. AF_08/2022","SINAPI","UN",{"v":10,"d":"10.00"},35.34,353.4]
["2.8.3","89500","CURVA 45 GRAUS, PVC, SOLDÁVEL, DN 40MM, INSTALADO EM PRUMADA DE ÁGUA - FORNECIMENTO E INSTALAÇÃO. AF_06/2022","SINAPI","UN",{"v":10,"d":"10.00"},10.94,109.4]
["2.8.4","89732","JOELHO 45 GRAUS, PVC, SERIE NORMAL, ESGOTO PREDIAL, DN 50 MM, JUNTA ELÁSTICA, FORNECIDO E INSTALADO EM RAMAL DE DESCARGA OU RAMAL DE ESGOTO SANITÁRIO. AF_08/2022","SINAPI","UN",{"v":10,"d":"10.00"},14.22,142.2]
["2.8.5","89746","JOELHO 45 GRAUS, PVC, SERIE NORMAL, ESGOTO PREDIAL, DN 100 MM, JUNTA ELÁSTICA, FORNECIDO E INSTALADO EM RAMAL DE DESCARGA OU RAMAL DE ESGOTO SANITÁRIO. AF_08/2022","SINAPI","UN",{"v":10,"d":"10.00"},24.69,246.9]
["2.8.6","89731","JOELHO 90 GRAUS, PVC, SERIE NORMAL, ESGOTO PREDIAL, DN 50 MM, JUNTA ELÁSTICA, FORNECIDO E INSTALADO EM RAMAL DE DESCARGA OU RAMAL DE ESGOTO SANITÁRIO. AF_08/2022","SINAPI","UN",{"v":10,"d":"10.00"},13.67,136.7]
["2.8.7","89797","JUNÇÃO SIMPLES, PVC, SERIE NORMAL, ESGOTO PREDIAL, DN 100 X 100 MM, JUNTA ELÁSTICA, FORNECIDO E INSTALADO EM RAMAL DE DESCARGA OU RAMAL DE ESGOTO SANITÁRIO. AF_08/2022","SINAPI","UN",{"v":10,"d":"10.00"},43.06,430.6]
["2.8.8","89785","JUNÇÃO SIMPLES, PVC, SERIE NORMAL, ESGOTO PREDIAL, DN 50 X 50 MM, JUNTA ELÁSTICA, FORNECIDO E INSTALADO EM RAMAL DE DESCARGA OU RAMAL DE ESGOTO SANITÁRIO. AF_08/2022","SINAPI","UN",{"v":10,"d":"10.00"},23.26,232.6]
["2.8.9","00003659","JUNCAO SIMPLES DE REDUCAO, PVC, DN 100 X 50 MM, SERIE NORMAL PARA ESGOTO PREDIAL","SINAPI","UN",{"v":10,"d":"10.00"},14.06,140.6]
["2.8.10","89753","LUVA SIMPLES, PVC, SERIE NORMAL, ESGOTO PREDIAL, DN 50 MM, JUNTA ELÁSTICA, FORNECIDO E INSTALADO EM RAMAL DE DESCARGA OU RAMAL DE ESGOTO SANITÁRIO. AF_08/2022","SINAPI","UN",{"v":10,"d":"10.00"},8.25,82.5]
["2.8.11","89778","LUVA SIMPLES, PVC, SERIE NORMAL, ESGOTO PREDIAL, DN 100 MM, JUNTA ELÁSTICA, FORNECIDO E INSTALADO EM RAMAL DE DESCARGA OU RAMAL DE ESGOTO SANITÁRIO. AF_08/2022","SINAPI","UN",{"v":10,"d":"10.00"},14.59,145.9]
["2.8.12","89711","TUBO PVC, SERIE NORMAL, ESGOTO PREDIAL, DN 40 MM, FORNECIDO E INSTALADO EM RAMAL DE DESCARGA OU RAMAL DE ESGOTO SANITÁRIO. AF_08/2022","SINAPI","M",{"v":40,"d":"40.00"},20.88,835.2]
["2.8.13","89714","TUBO PVC, SERIE NORMAL, ESGOTO PREDIAL, DN 100 MM, FORNECIDO E INSTALADO EM RAMAL DE DESCARGA OU RAMAL DE ESGOTO SANITÁRIO. AF_08/2022","SINAPI","M",{"v":60,"d":"60.00"},35.7,2142]
["2.8.14","98083","TANQUE SÉPTICO RETANGULAR, EM ALVENARIA COM BLOCOS DE CONCRETO, DIMENSÕES INTERNAS: 1,2 X 2,4 X H=1,6 M, VOLUME ÚTIL: 3456 L (PARA 13 CONTRIBUINTES). AF_12/2020","SINAPI","UN",{"v":1,"d":"1.00"},4497.56,4497.56]
["2.8.15","98063","SUMIDOURO CIRCULAR, EM CONCRETO PRÉ-MOLDADO, DIÂMETRO INTERNO = 2,38 M, ALTURA INTERNA = 2,50 M, ÁREA DE INFILTRAÇÃO: 21,3 M² (PARA 8 CONTRIBUINTES). AF_12/2020","SINAPI","UN",{"v":1,"d":"1.00"},4200.51,4200.51]
["2.9","BANCADAS, LOUÇAS E METAIS",{"$nulls":5},10931.3]
["2.9.1","86932","VASO SANITÁRIO SIFONADO COM CAIXA ACOPLADA LOUÇA BRANCA - PADRÃO MÉDIO, INCLUSO ENGATE FLEXÍVEL EM METAL CROMADO, 1/2 X 40CM - FORNECIMENTO E INSTALAÇÃO. AF_01/2020","SINAPI","UN",{"v":2,"d":"2.00"},463.21,926.42]
["2.9.2","93441","BANCADA GRANITO CINZA 150 X 60 CM, COM CUBA DE EMBUTIR DE AÇO, VÁLVULA AMERICANA EM METAL, SIFÃO FLEXÍVEL EM PVC, ENGATE FLEXÍVEL 30 CM, TORNEIRA CROMADA LONGA, DE PAREDE, 1/2\" OU 3/4\", P/ COZINHA, PADRÃO POPULAR - FORNEC. E INSTALAÇÃO. AF_01/2020","SINAPI","UN",{"v":4,"d":"4.00"},889.01,3556.04]
["2.9.3","2001003025","BANCADA DE GRANITO CINZA ANDORINHA, CORUMBA E OUTROEQUIVALENTES, ACABAMENTO DUPLO RETO, FRONTAO DE 10CM,INCLUSO MAO FRANCESA","AGESUL","M2",8.24,614.27,5061.58]
["2.9.4","86941","LAVATÓRIO LOUÇA BRANCA COM COLUNA, 45 X 55CM OU EQUIVALENTE, PADRÃO MÉDIO, INCLUSO SIFÃO TIPO GARRAFA, VÁLVULA E ENGATE FLEXÍVEL DE 40CM EM METAL CROMADO, COM TORNEIRA CROMADA DE MESA, PADRÃO MÉDIO - FORNECIMENTO E INSTALAÇÃO. AF_01/2020","SINAPI","UN",{"v":2,"d":"2.00"},693.63,1387.26]
["3","EMASSAMENTO E PINTURA - GLOBAL",{"$nulls":5},9414.9]
["3.1","88485","FUNDO SELADOR ACRÍLICO, APLICAÇÃO MANUAL EM PAREDE, UMA DEMÃO. AF_04/2023","SINAPI","M2",202.86,3.83,776.95]
["3.2","88497","EMASSAMENTO COM MASSA LÁTEX, APLICAÇÃO EM PAREDE, DUAS DEMÃOS, LIXAMENTO MANUAL. AF_04/2023","SINAPI","M2",101.43,17.05,1729.38]
["3.3","96135","APLICAÇÃO MANUAL DE MASSA ACRÍLICA EM PAREDES EXTERNAS DE CASAS, DUAS DEMÃOS. AF_03/2024","SINAPI","M2",101.43,27.58,2797.44]
["3.4","88494","EMASSAMENTO COM MASSA LÁTEX, APLICAÇÃO EM TETO, UMA DEMÃO, LIXAMENTO MANUAL. AF_04/2023","SINAPI","M2",{"v":70,"d":"70.00"},21.64,1514.8]
["3.5","88489","PINTURA LÁTEX ACRÍLICA PREMIUM, APLICAÇÃO MANUAL EM PAREDES, DUAS DEMÃOS. AF_04/2023","SINAPI","M2",101.43,11.73,1189.77]
["3.6","104639","PINTURA LÁTEX ACRÍLICA ECONÔMICA, APLICAÇÃO MANUAL EM TETO, DUAS DEMÃOS. AF_04/2023","SINAPI","M2",{"v":70,"d":"70.00"},11.62,813.4]
["3.7","102219","PINTURA TINTA DE ACABAMENTO (PIGMENTADA) ESMALTE SINTÉTICO ACETINADO EM MADEIRA, 2 DEMÃOS. AF_01/2021","SINAPI","M2",36.08,16.44,593.16]
["4","PASSEIOS/CALÇADAS",{"$nulls":5},73542.4]
["4.1","801000104","ALVENARIA DE ELEVACAO COM TIJOLO CERAMICO FURADO(9X19X19)CM, 1 VEZ (ESPESSURA DE 19CM), ASSENTADA COMARGAMASSA MISTA DE CIMENTO, CAL HIDRATADA E AREIA SEMPENEIRAR, NO TRACO 1:2:8","AGESUL","M2",6.91,94.92,655.9]
["4.2","103328","ALVENARIA DE VEDAÇÃO DE BLOCOS CERÂMICOS FURADOS NA HORIZONTAL DE 9X19X19 CM (ESPESSURA 9 CM) E ARGAMASSA DE ASSENTAMENTO COM PREPARO EM BETONEIRA. AF_12/2021","SINAPI","M2",13.82,92.6,1279.73]
["4.3","94277","ASSENTAMENTO DE GUIA (MEIO-FIO) EM TRECHO RETO, CONFECCIONADA EM CONCRETO PRÉ-FABRICADO, DIMENSÕES 80X08X08X25 CM (COMPRIMENTO X BASE INFERIOR X BASE SUPERIOR X ALTURA). AF_01/2024","SINAPI","M",203.88,27.93,5694.37]
["4.4","92396","EXECUÇÃO DE PASSEIO EM PISO INTERTRAVADO, COM BLOCO RETANGULAR COR NATURAL DE 20 X 10 CM, ESPESSURA 6 CM. AF_10/2022","SINAPI","M2",{"v":120,"d":"120.00"},69.15,8298]
["4.5","93679","EXECUÇÃO DE PASSEIO EM PISO INTERTRAVADO, COM BLOCO RETANGULAR COLORIDO DE 20 X 10 CM, ESPESSURA 6 CM. AF_10/2022","SINAPI","M2",{"v":720,"d":"720.00"},80.02,57614.4]
["5","CORETO, BANCOS E ELEMENTOS ESTÉTICOS",{"$nulls":5},50631.75]
["5.1","200019","BANCO DE MADEIRA VERNIZ 7 REGUAS/SUPORTES FERRO FUN","SBC","M",27.44,717.44,19686.55]
["5.2","S04420","Banco de concreto em alvenaria de tijolos maciços, assento em concreto simples, sem encosto, revestido em todas as faces com cerâmica Elizabeth 20x20 cm ou similar","ORSE","m",{"v":8,"d":"8.00"},271.2,2169.6]
["5.3","21.03.151","REVESTIMENTO EM PLACA DE ALUMÍNIO COMPOSTO \"ACM\", ESPESSURA DE 4 MM E ACABAMENTO EM PVDF","CPOS/CDHU","M2",7.44,815.19,6065.01]
["5.4","121330","REVESTIMENTO PEDRA MADEIRA EM PAREDE EXTERNA","SBC","M2",39.04,174.41,6808.97]
["5.5","01.CORMAR","CONSTRUÇÃO DE CORETO EM CONCRETO ARMADO, CONFORMEPROJETO (PRAÇA CENTRAL DE MARCAÇÃO)","SBC","UN",{"v":1,"d":"1.00"},15901.62,15901.62]
["6","VEGETAÇÃO E PAISAGISMO",{"$nulls":5},1739.37]
["6.1","S07633","Planta - Ipê amarelo (tabebuia chrysotricha) h=1,00m, fornecimento e plantio","ORSE","un",{"v":4,"d":"4.00"},92.94,371.76]
["6.2","S08762","Planta - Dracena Vermelha h=1,00m, Fornecimento e plantio","ORSE","un",{"v":9,"d":"9.00"},42.01,378.09]
["6.3","103946","PLANTIO DE GRAMA ESMERALDA OU SÃO CARLOS OU CURITIBANA, EM PLACAS. AF_07/2024","SINAPI","M2",{"v":56,"d":"56.00"},17.67,989.52]
["7","ILUMINAÇÃO E DIVERSOS",{"$nulls":5},47401.14]
["7.1","91872","ELETRODUTO RÍGIDO ROSCÁVEL, PVC, DN 32 MM (1\"), PARA CIRCUITOS TERMINAIS, INSTALADO EM PAREDE - FORNECIMENTO E INSTALAÇÃO. AF_03/2023","SINAPI","M",{"v":60,"d":"60.00"},17.69,1061.4]
["7.2","101876","QUADRO DE DISTRIBUIÇÃO DE ENERGIA EM PVC, DE EMBUTIR, SEM BARRAMENTO, PARA 6 DISJUNTORES - FORNECIMENTO E INSTALAÇÃO. AF_10/2020","SINAPI","UN",{"v":1,"d":"1.00"},97.28,97.28]
["7.3","91926","CABO DE COBRE FLEXÍVEL ISOLADO, 2,5 MM², ANTI-CHAMA 450/750 V, PARA CIRCUITOS TERMINAIS - FORNECIMENTO E INSTALAÇÃO. AF_03/2023","SINAPI","M",{"v":120,"d":"120.00"},4.3,516]
["7.4","91928","CABO DE COBRE FLEXÍVEL ISOLADO, 4 MM², ANTI-CHAMA 450/750 V, PARA CIRCUITOS TERMINAIS - FORNECIMENTO E INSTALAÇÃO. AF_03/2023","SINAPI","M",{"v":120,"d":"120.00"},6.58,789.6]
["7.5","91930","CABO DE COBRE FLEXÍVEL ISOLADO, 6 MM², ANTI-CHAMA 450/750 V, PARA CIRCUITOS TERMINAIS - FORNECIMENTO E INSTALAÇÃO. AF_03/2023","SINAPI","M",{"v":60,"d":"60.00"},9.17,550.2]
["7.6","93670","DISJUNTOR TRIPOLAR TIPO DIN, CORRENTE NOMINAL DE 25A - FORNECIMENTO E INSTALAÇÃO. AF_10/2020","SINAPI","UN",{"v":5,"d":"5.00"},59.54,297.7]
["7.7","P.9M_L.4PTL","FORNECIMENTO E ASSENTAMENTO DE POSTE CIRCULAR DECONCRETO 12/400, 4 PETALAS - INCLUSIVE LUMINÁRIAS DE LEDPARA ILUMINAÇÃO PÚBLICA","Composições Próprias","UN",{"v":8,"d":"8.00"},4740.06,37920.48]
["7.8","93128","PONTO DE LUZ-ARANDELA TUBULACAO EMB.CX/FIACAO","SBC","UN",{"v":12,"d":"12.00"},117.98,1415.76]
["7.9","060495","ARANDELA ALUMINIO PRETO LED 6W 2700K PLEINE LUNE","SBC","UN",{"v":12,"d":"12.00"},253.8,3045.6]
["7.10","060316","REFLETOR 100W LED LINEAR BLINDADO A PROVA D'AGUA","SBC","UN",{"v":8,"d":"8.00"},213.39,1707.12]
["8","SERVIÇOS COMPLEMENTARES",{"$nulls":5},592.86]
["8.1","S06191","Limpeza de ruas (varrição e remoção de entulhos)","ORSE","m²",{"v":1004.85,"d":"1,004.85"},0.59,592.86]
[{"$nulls":5},"VALOR BDI TOTAL:",null,57276.06]
[{"$nulls":5},"VALOR ORÇAMENTO:",null,285091.19]
[{"$nulls":5},"VALOR TOTAL:",null,342367.25]